000 01142cam a22002651i 4500
003 SA-RiAUC
005 20241223080555.0
008 241217s1991 su g 00000 ara c
040 _aSA-RiAUC
_bara
_cSA-RiAUC
_erda
082 0 4 _a330.121
_qSA-RiAUC
090 _a330.121
_bع ف ر
100 1 _aعفر، محمد عبد المنعم.
_eمؤلف.
245 1 2 _aالمتطلبات الاقتصادية لتحقيق مقاصد الشريعة في الاقتصاد الإسلامي /
_cمحمد عبد المنعم عفر.
250 _aالطبعة الأولى.
264 1 _aمكة المكرمة :
_bجامعة أم القرى، مركز بحوث الدراسات الإسلامية،
_c1991
300 _a284 صفحة ؛
_c24 سم.
336 _aنص
_btxt
_2rdacontent
_3كتاب
337 _aبدون وسيط
_bn
_2rdamedia
338 _aمجلد
_bnc
_2rdacarrier
490 0 _aسلسلة بحوث الدراسات الإسلامية
_v10
650 7 _aالإسلام والاقتصاد
_2aucsh
650 7 _aالمعاملات (فقه إسلامي)
_2aucsh
942 _2ddc
_cBOOK
_n0
949 _aSA-JeALM
_d241217
_umohamedma123
_n1
999 _c3821
_d3821